000 00402nam a22001457a 4500
005 20200611112329.0
008 200611b xxu||||| |||| 00| 0 eng d
082 _a345.4 AIR
110 _aALL INDIA REPORTER,
_95979
245 _aALL INDIA REPORTER, [1998] [VOL-85] SUPREME COURT SECTION
260 _aBOMBAY
_bALL INDIA REPORTER, PVT. LTD.
300 _a3392;p
650 _aLAW
_95701
942 _cJRL
999 _c7040
_d7038